<?xml version="1.0" encoding="UTF-8"?>
<record
    xmlns:xsi="http://www.w3.org/2001/XMLSchema-instance"
    xsi:schemaLocation="http://www.loc.gov/MARC21/slim http://www.loc.gov/standards/marcxml/schema/MARC21slim.xsd"
    xmlns="http://www.loc.gov/MARC21/slim">

  <leader>00657nam a22001937a 4500</leader>
  <controlfield tag="003">0</controlfield>
  <controlfield tag="005">20160609170232.0</controlfield>
  <controlfield tag="008">101213t        xxu||||| |||| 00| 0 eng d</controlfield>
  <datafield tag="040" ind1=" " ind2=" ">
    <subfield code="a">BUAC</subfield>
    <subfield code="c">EPAC</subfield>
  </datafield>
  <datafield tag="100" ind1=" " ind2=" ">
    <subfield code="a">Akpi, Giscard Simon</subfield>
    <subfield code="9">12306</subfield>
  </datafield>
  <datafield tag="130" ind1=" " ind2=" ">
    <subfield code="l">fr</subfield>
    <subfield code="9">12307</subfield>
  </datafield>
  <datafield tag="245" ind1=" " ind2=" ">
    <subfield code="a">Contribution &#xE0; l'introduction d'une m&#xE9;thode de concentration en coprologie parasitaire complet &#xE0; l'h&#xF4;pital de zone d'Abomey-Calavi /S&#xF4;-Ava</subfield>
  </datafield>
  <datafield tag="260" ind1=" " ind2=" ">
    <subfield code="a">Abomey-Calavi</subfield>
    <subfield code="b">EPAC-UAC</subfield>
    <subfield code="c">2008</subfield>
  </datafield>
  <datafield tag="300" ind1=" " ind2=" ">
    <subfield code="a">XI-35p.</subfield>
  </datafield>
  <datafield tag="650" ind1=" " ind2=" ">
    <subfield code="a">CONCENTRATION</subfield>
    <subfield code="b">COPROLOGIE</subfield>
    <subfield code="9">12308</subfield>
  </datafield>
  <datafield tag="650" ind1=" " ind2=" ">
    <subfield code="a">PARASITAIRE</subfield>
    <subfield code="b">HOPITAL DE ZONE SO- AVA</subfield>
    <subfield code="9">12309</subfield>
  </datafield>
  <datafield tag="700" ind1=" " ind2=" ">
    <subfield code="a">Mabou, Patrice Makpons&#xE9;</subfield>
    <subfield code="9">12310</subfield>
  </datafield>
  <datafield tag="942" ind1=" " ind2=" ">
    <subfield code="c">THE</subfield>
  </datafield>
  <datafield tag="999" ind1=" " ind2=" ">
    <subfield code="c">48552</subfield>
    <subfield code="d">48552</subfield>
  </datafield>
  <datafield tag="952" ind1=" " ind2=" ">
    <subfield code="0">0</subfield>
    <subfield code="1">0</subfield>
    <subfield code="4">0</subfield>
    <subfield code="7">0</subfield>
    <subfield code="a">BEPAC</subfield>
    <subfield code="b">BEPAC</subfield>
    <subfield code="d">2010-12-13</subfield>
    <subfield code="e">D&#xE9;pot l&#xE9;gal</subfield>
    <subfield code="l">0</subfield>
    <subfield code="o">27./ABM/AKP</subfield>
    <subfield code="p">R16263EPAC</subfield>
    <subfield code="r">2010-12-13 00:00:00</subfield>
    <subfield code="t">1</subfield>
    <subfield code="w">2010-12-13</subfield>
    <subfield code="y">THE</subfield>
  </datafield>
</record>
